Discursos en el solemne acte d'investidura com a Doctor Honoris Causa del ... P.Miquel Batllori i Munné, S.I. :Cervera, 8 de maig de 1993. (Record no. 182491)
[ view plain ]
| 000 -LEADER | |
|---|---|
| campo de control de longitud fija | 00842nam a2200193 i 4500 |
| 001 - NÚMERO DE CONTROL | |
| campo de control | 182491 |
| 003 - IDENTIFICADOR DE NÚMERO DE CONTROL | |
| campo de control | ES-MaACL |
| 005 - FECHA Y HORA DE LA ÚLTIMA TRANSACCIÓN | |
| campo de control | 20251003152904.0 |
| 008 - DATOS DE LONGITUD FIJA--INFORMACIÓN GENERAL | |
| campo de control de longitud fija | 130905s1993 sp |||| | cat d |
| 245 00 - MENCIÓN DEL TÍTULO | |
| Título | Discursos en el solemne acte d'investidura com a Doctor Honoris Causa del ... P.Miquel Batllori i Munné, S.I. :Cervera, 8 de maig de 1993. |
| 260 ## - PUBLICACIÓN, DISTRIBUCIÓN, ETC. | |
| Lugar de publicación, distribución, etc. | Madrid : |
| Nombre del editor, distribuidor, etc. | Universidad Nacional de Educación a Distancia, Facultad de Geografía e Historia, |
| Fecha de publicación, distribución, etc. | 1993. |
| 300 ## - DESCRIPCIÓN FÍSICA | |
| Extensión | 58 p. ; |
| Dimensiones | 21 cm. |
| 505 8# - NOTA DE CONTENIDO CON FORMATO | |
| Nota de contenido con formato | Coniene: Laudatio / Eduard Ripoll Perelló. Les Borles del doctorat a la Universitat de Cervera / Miquel Batllori i Munné |
| 610 24 - PUNTO DE ACCESO ADICIONAL DE MATERIA--NOMBRE DE ENTIDAD CORPORATIVA | |
| Nombre de entidad corporativa o nombre de jurisdicción como elemento de entrada | Universidad de Cervera. |
| 9 (RLIN) | 153348 |
| 700 0# - ENTRADA AGREGADA--NOMBRE PERSONAL | |
| Nombre de persona | Batllori, Miguel. |
| 9 (RLIN) | 26460 |
| 700 1# - ENTRADA AGREGADA--NOMBRE PERSONAL | |
| Nombre de persona | Ripoll Perelló, Eduardo, |
| Fechas asociadas al nombre | 1923-2006 |
| 9 (RLIN) | 97437 |
| 852 ## - LOCALIZACIÓN | |
| Ubicación | ES-MaACL |
| Número de control de estantería | 2326-F-13 |
| Estatus retirado | Estado de pérdida | Estado de daño | No para préstamo | Colección | Biblioteca de origen | Biblioteca actual | Ubicación en estantería | Fecha de adquisición | Fuente de adquisición | Total de préstamos | Signatura topográfica completa | Código de barras | Visto por última vez | Precio de reemplazo | Tipo de ítem Koha |
|---|---|---|---|---|---|---|---|---|---|---|---|---|---|---|---|
| Colección de folletos | Biblioteca del Ateneo de Madrid | Biblioteca del Ateneo de Madrid | Depósito folletos | 05/09/2013 | 2326-F-13 | 1191780 | 23/02/2023 | 23/02/2023 | Folleto |
